[Event "Titled Tuesday intern op 27th Jun Late"]
[Site "Chess.com INT"]
[Date "2023.06.27"]
[Round "8"]
[White "Perez Torres, Nabi Isaias"]
[Black "Brown, Raehanna"]
[Result "0-1"]
[WhiteElo "2015"]
[BlackElo "1710"]
[PlyCount "102"]
[EventDate "2023.06.27"]
[EventType "swiss (blitz)"]
[EventRounds "11"]
[EventCountry "USA"]
[SourceTitle "EXT 2024"]
[Source "ChessBase"]
[SourceDate "2023.10.10"]
[SourceVersion "1"]
[SourceVersionDate "2023.10.10"]
[SourceQuality "1"]

1. d4 Nf6 2. c4 g6 3. Nc3 Bg7 4. e4 d6 5. Be2 0-0 6. Nf3 e5 7. 0-0 Nc6 8. d5 Ne7 9. Ne1 Ne8 10. Nd3 f5 11. b4 f4 12. Bg4 g5 13. Bxc8 Qxc8 14. f3 Ng6 15. c5 h5 16. Bd2 g4 17. Be1 a6 18. Rc1 Qd8 19. fxg4 hxg4 20. Qxg4 Qf6 21. Qe6+ Qxe6 22. dxe6 Nf6 23. cxd6 cxd6 24. Nf2 Rfe8 25. Nd5 Rac8 26. Bd2 Rxc1 27. Rxc1 Rxe6 28. Rc7 Nxd5 29. exd5 Re7 30. Rc8+ Kf7 31. Ne4 Rd7 32. Rb8 Ne7 33. Rxb7 Ke8 34. Rb6 Nxd5 35. Nxd6+ Ke7 36. Nf5+ Kf7 37. Rxa6 Bf8 38. a3 Nc7 39. Ra7 Ke6 40. Nh4 Rxd2 41. Rxc7 Ra2 42. Rc3 Kd5 43. Ng6 Kd4 44. Rc6 Bg7 45. h4 Rxa3 46. h5 f3 47. Rd6+ Ke3 48. gxf3 Kxf3 49. b5 Bh6 50. Nxe5+ Kg3 51. Rxh6 Ra1# 0-1

[Event "Titled Tuesday intern op 29th Nov Late"]
[Site "Chess.com INT"]
[Date "2022.11.29"]
[Round "11"]
[White "Paterek, Michal"]
[Black "Perez Torres, Nabi Isaias"]
[Result "0-1"]
[WhiteElo "2307"]
[BlackElo "2015"]
[PlyCount "72"]
[EventDate "2022.11.29"]
[EventType "swiss (blitz)"]
[EventRounds "11"]
[EventCountry "USA"]
[SourceTitle "EXT 2024"]
[Source "ChessBase"]
[SourceDate "2023.10.10"]
[SourceVersion "1"]
[SourceVersionDate "2023.10.10"]
[SourceQuality "1"]

1. d4 Nf6 2. c4 g6 3. Nc3 Bg7 4. e4 d6 5. Nf3 0-0 6. Be2 e5 7. Be3 exd4 8. Nxd4 Re8 9. f3 Nc6 10. 0-0 Nh5 11. Nxc6 bxc6 12. Qd2 Rb8 13. Rad1 a5 14. b3 Be5 15. f4 Bg7 16. Bxh5 gxh5 17. e5 Bg4 18. Rde1 dxe5 19. Qxd8 Rbxd8 20. f5 h4 21. Bg5 Rd3 22. Ne4 h3 23. Nf2 hxg2 24. Kxg2 Bf3+ 25. Kg3 Rc3 26. Bd2 Rc2 27. Bxa5 e4 28. Bxc7 Bd4 29. a4 Kh8 30. Nh3 Rg8+ 31. Kh4 Bf6+ 32. Ng5 Bxg5+ 33. Kh3 Bg2+ 34. Kg4 Bd8+ 35. Kf4 Bxc7+ 36. Ke3 Bxf1 0-1

[Event "Titled Tuesday intern op 29th Nov Late"]
[Site "Chess.com INT"]
[Date "2022.11.29"]
[Round "2"]
[White "Perez Torres, Nabi Isaias"]
[Black "Luo, Terry"]
[Result "0-1"]
[WhiteElo "2015"]
[BlackElo "2365"]
[PlyCount "78"]
[EventDate "2022.11.29"]
[EventType "swiss (blitz)"]
[EventRounds "11"]
[EventCountry "USA"]
[SourceTitle "EXT 2024"]
[Source "ChessBase"]
[SourceDate "2023.10.10"]
[SourceVersion "1"]
[SourceVersionDate "2023.10.10"]
[SourceQuality "1"]

1. d4 Nf6 2. c4 g6 3. Nc3 Bg7 4. e4 d6 5. Be2 0-0 6. Nf3 e5 7. 0-0 Nc6 8. d5 Ne7 9. Ne1 Nd7 10. Nd3 f5 11. Bd2 Kh8 12. Rc1 Ng8 13. f3 Bh6 14. c5 dxc5 15. Nb5 a6 16. Na3 Qe7 17. Nc4 Bxd2 18. Qxd2 Ngf6 19. Qe3 b6 20. a4 f4 21. Qd2 Ne8 22. b4 cxb4 23. Nxb4 Bb7 24. Nd3 Nd6 25. Qb2 Nxc4 26. Rxc4 Rac8 27. Rfc1 Qd6 28. Rc6 Bxc6 29. Rxc6 Qe7 30. Re6 Qg7 31. Qc3 Rf6 32. Qc6 Rxe6 33. Qxe6 Rd8 34. Qc6 Nc5 35. Nxc5 bxc5 36. Qxc5 Qf6 37. Qxc7 Qd6 38. Qc4 Rb8 39. Qxa6 Rb1+ 0-1

[Event "Titled Tuesday intern op 29th Nov Late"]
[Site "Chess.com INT"]
[Date "2022.11.29"]
[Round "1"]
[White "Sokolovsky, Yahli"]
[Black "Perez Torres, Nabi Isaias"]
[Result "1-0"]
[WhiteElo "2414"]
[BlackElo "2015"]
[PlyCount "51"]
[EventDate "2022.11.29"]
[EventType "swiss (blitz)"]
[EventRounds "11"]
[EventCountry "USA"]
[SourceTitle "EXT 2024"]
[Source "ChessBase"]
[SourceDate "2023.10.10"]
[SourceVersion "1"]
[SourceVersionDate "2023.10.10"]
[SourceQuality "1"]

1. b3 Nf6 2. Bb2 e6 3. e3 d5 4. Nf3 c5 5. d4 Nc6 6. Bb5 Be7 7. 0-0 0-0 8. Bxc6 bxc6 9. Ne5 Qc7 10. Nd2 a5 11. a4 Rb8 12. Rb1 cxd4 13. exd4 c5 14. Re1 Ba6 15. Re3 Rfc8 16. dxc5 Bxc5 17. Rg3 Bd6 18. Rc3 Qb6 19. Rf3 Rc7 20. Rxf6 gxf6 21. Ng4 d4 22. Nxf6+ Kf8 23. Nde4 Be5 24. Ba3+ Kg7 25. Qg4+ Kh8 26. Qh5 1-0

[Event "Titled Tuesday intern op 31st May Late"]
[Site "Chess.com INT"]
[Date "2022.05.31"]
[Round "2"]
[White "Perez Torres, Nabi Isaias"]
[Black "Song, Michael"]
[Result "0-1"]
[WhiteElo "2015"]
[BlackElo "2408"]
[PlyCount "164"]
[EventDate "2022.05.31"]
[EventType "swiss (blitz)"]
[EventRounds "11"]
[EventCountry "USA"]
[SourceTitle "CBM 208 Extra"]
[Source "ChessBase"]
[SourceDate "2022.07.31"]
[SourceVersion "1"]
[SourceVersionDate "2022.07.31"]
[SourceQuality "1"]

1. d4 f5 2. c4 Nf6 3. Nc3 d6 4. e4 fxe4 5. Bg5 Nbd7 6. f3 e5 7. fxe4 exd4 8. Qxd4 Be7 9. Nf3 0-0 10. 0-0-0 c6 11. Bd3 Ng4 12. h4 Nde5 13. Bc2 Be6 14. c5 Nxf3 15. gxf3 Bxg5+ 16. hxg5 Qxg5+ 17. Kb1 Ne5 18. Qxd6 Rae8 19. Rdg1 Qf6 20. f4 Qxf4 21. Ne2 Qf6 22. Nd4 Nc4 23. e5 Qf7 24. Bxh7+ Kh8 25. Bg6+ Kg8 26. Bxf7+ Rxf7 27. Qxe6 Rxe6 28. Nxe6 Nxe5 29. Ng5 Rf2 30. Re1 Rf5 31. Rhf1 Rxg5 32. Rf2 Nd3 33. Re8+ Kh7 34. Rh2+ Kg6 35. Rh1 Nxc5 36. Re7 Kf6 37. Re8 Rg2 38. Ree1 Nd3 39. Rhf1+ Kg6 40. Re3 Nc5 41. b3 Rd2 42. Rc3 Ne4 43. Re3 Nf6 44. Rg3+ Kf7 45. Rc3 Rd7 46. Rc2 a5 47. Kc1 Ke7 48. Re2+ Kf7 49. Rg1 g6 50. Reg2 a4 51. Rxg6 axb3 52. Rg7+ Ke6 53. Rxd7 bxa2 54. Kb2 Nxd7 55. Kxa2 b5 56. Kb3 Kd5 57. Kb4 Ne5 58. Rd1+ Ke4 59. Re1+ Kd4 60. Rh1 Nd3+ 61. Ka5 Kc5 62. Rh3 Nf4 63. Rh4 Nd5 64. Rh5 b4 65. Ka4 Kc4 66. Rh4+ Kc5 67. Kb3 Kb5 68. Rc4 c5 69. Rh4 Nb6 70. Rh5 Nc8 71. Rh6 Na7 72. Rh8 Nc6 73. Rc8 Nd4+ 74. Kb2 Kc4 75. Rb8 b3 76. Rc8 Kb4 77. Rc7 Nb5 78. Rc8 c4 79. Kb1 c3 80. Kc1 b2+ 81. Kb1 Na3+ 82. Ka2 b1Q# 0-1

[Event "Titled Tuesday intern op 22 Mar Late"]
[Site "Chess.com INT"]
[Date "2022.03.22"]
[Round "7"]
[White "Rosen, Eric S"]
[Black "Perez Torres, Nabi Isaias"]
[Result "1-0"]
[WhiteElo "2359"]
[BlackElo "2015"]
[PlyCount "99"]
[EventDate "2022.03.22"]
[EventType "swiss (blitz)"]
[EventRounds "11"]
[EventCountry "USA"]
[SourceTitle "CBM 207 Extra"]
[Source "ChessBase"]
[SourceDate "2022.05.31"]
[SourceVersion "1"]
[SourceVersionDate "2022.05.31"]
[SourceQuality "1"]

1. d4 Nf6 2. Bf4 g6 3. Nc3 d5 4. e3 Bg7 5. h4 h5 6. Nf3 0-0 7. Ne5 c5 8. dxc5 Qa5 9. Qd2 Nc6 10. Nxc6 bxc6 11. Be5 Nd7 12. Bxg7 Kxg7 13. a3 Qxc5 14. Qd4+ e5 15. Qxc5 Nxc5 16. 0-0-0 a5 17. Be2 Be6 18. f4 a4 19. fxe5 Bf5 20. Rd4 Rfe8 21. Bf3 Rxe5 22. Re1 Be6 23. g3 Rf5 24. Rf4 Rxf4 25. exf4 Bf5 26. Re7 Ne6 27. Ne2 Kf6 28. Rb7 Re8 29. Rb6 Rc8 30. Ra6 Nc5 31. Ra5 Be4 32. Rxc5 Bxf3 33. Nd4 Be4 34. b3 axb3 35. cxb3 Ke7 36. Rxc6 Ra8 37. a4 Rb8 38. Kb2 f6 39. Kc3 Rg8 40. a5 g5 41. fxg5 fxg5 42. a6 Kd7 43. Rb6 gxh4 44. gxh4 Kc7 45. Rb7+ Kd6 46. a7 Ra8 47. Rb8 Rxa7 48. Nb5+ Ke5 49. Nxa7 d4+ 50. Kd2 1-0

[Event "Titled Tuesday intern op 15 Mar Late"]
[Site "Chess.com INT"]
[Date "2022.03.15"]
[Round "10"]
[White "Ciolek, Andreas"]
[Black "Perez Torres, Nabi Isaias"]
[Result "0-1"]
[WhiteElo "2191"]
[BlackElo "2015"]
[PlyCount "140"]
[EventDate "2022.03.15"]
[EventType "swiss (blitz)"]
[EventRounds "11"]
[EventCountry "USA"]
[SourceTitle "CBM 207 Extra"]
[Source "ChessBase"]
[SourceDate "2022.05.31"]
[SourceVersion "1"]
[SourceVersionDate "2022.05.31"]
[SourceQuality "1"]

1. d4 Nf6 2. Nf3 g6 3. g3 Bg7 4. Bg2 0-0 5. 0-0 d6 6. b3 c5 7. Bb2 cxd4 8. Nxd4 Nc6 9. Nxc6 bxc6 10. Bxc6 Bh3 11. Bg2 Bxg2 12. Kxg2 Qc7 13. c4 Qc6+ 14. Kg1 Rfd8 15. Nc3 e6 16. Qc2 h5 17. h3 h4 18. g4 Nh7 19. Na4 e5 20. Rad1 Ng5 21. Kh2 Ne6 22. e3 Ng5 23. Rd5 Rac8 24. Qd1 Ne6 25. f4 Nc7 26. Rd3 exf4 27. Bxg7 Kxg7 28. exf4 d5 29. Qa1+ Kg8 30. Rfd1 Re8 31. Qd4 dxc4 32. R3d2 Ne6 33. Qf6 Qf3 34. f5 Qg3+ 35. Kh1 Qxh3+ 36. Kg1 Qxg4+ 37. Kh1 Qh3+ 38. Kg1 Nf4 39. fxg6 Nxg6 40. Rf2 Rc7 41. Rdf1 Rce7 42. Rg2 Kh7 43. Rxg6 fxg6 44. Qg5 Qg3+ 45. Qxg3 hxg3 46. Kg2 cxb3 47. axb3 Re3 48. Rh1+ Kg7 49. Nc5 Rc3 50. Kh3 Rxc5 51. Kg4 Rh5 52. Rg1 g2 53. Rxg2 Re4+ 54. Kf3 Rb4 55. Kf2 Rf5+ 56. Kg1 Rxb3 57. Kh1 Rb6 58. Rg3 Re6 59. Rg2 Re4 60. Kh2 Kf6 61. Kh3 g5 62. Rg1 Rh4+ 63. Kg2 Rff4 64. Kg3 Rhg4+ 65. Kh2 Rxg1 66. Kh3 a5 67. Kh2 Rgg4 68. Kh3 Kf5 69. Kh2 Rf3 70. Kh1 Rh3# 0-1

[Event "Titled Tuesday intern op 15 Mar Late"]
[Site "Chess.com INT"]
[Date "2022.03.15"]
[Round "8"]
[White "Desideri, Ricardo Maruchi"]
[Black "Perez Torres, Nabi Isaias"]
[Result "0-1"]
[WhiteElo "1939"]
[BlackElo "2015"]
[PlyCount "62"]
[EventDate "2022.03.15"]
[EventType "swiss (blitz)"]
[EventRounds "11"]
[EventCountry "USA"]
[SourceTitle "CBM 207 Extra"]
[Source "ChessBase"]
[SourceDate "2022.05.31"]
[SourceVersion "1"]
[SourceVersionDate "2022.05.31"]
[SourceQuality "1"]

1. e4 c5 2. Nf3 d6 3. d4 cxd4 4. Nxd4 Nf6 5. Nc3 g6 6. Be3 Bg7 7. Bc4 Nc6 8. Bb3 0-0 9. f3 Bd7 10. Qd2 Ne5 11. 0-0-0 Rc8 12. Kb1 a6 13. h4 h5 14. Bh6 Kh7 15. Bxg7 Kxg7 16. Qg5 Rc5 17. Nf5+ Bxf5 18. exf5 Ned7 19. g4 Rh8 20. Bxf7 Kxf7 21. Qxg6+ Kf8 22. g5 Ne5 23. Ne4 Nxe4 24. Qe6 Nf2 25. g6 Nxh1 26. Rg1 Kg7 27. f4 Qd7 28. Qb3 Qxf5 29. fxe5 Rf8 30. a3 Nf2 31. exd6 exd6 0-1

[Event "Titled Tuesday intern op 15 Mar Late"]
[Site "Chess.com INT"]
[Date "2022.03.15"]
[Round "5"]
[White "Perez Torres, Nabi Isaias"]
[Black "Donatti, Alvaro"]
[Result "0-1"]
[WhiteElo "2015"]
[BlackElo "2193"]
[PlyCount "74"]
[EventDate "2022.03.15"]
[EventType "swiss (blitz)"]
[EventRounds "11"]
[EventCountry "USA"]
[SourceTitle "CBM 207 Extra"]
[Source "ChessBase"]
[SourceDate "2022.05.31"]
[SourceVersion "1"]
[SourceVersionDate "2022.05.31"]
[SourceQuality "1"]

1. d4 Nf6 2. c4 g6 3. Nc3 d5 4. cxd5 Nxd5 5. e4 Nxc3 6. bxc3 Bg7 7. Bg5 c5 8. Rc1 0-0 9. Qd2 cxd4 10. cxd4 Nc6 11. d5 Ne5 12. Nf3 Nxf3+ 13. gxf3 Bd7 14. h4 Rc8 15. Bc4 b5 16. Bb3 Rxc1+ 17. Qxc1 Qa5+ 18. Kf1 Rc8 19. Qf4 Qc3 20. Bxe7 a5 21. d6 Qc1+ 22. Qxc1 Rxc1+ 23. Kg2 Rxh1 24. Kxh1 a4 25. Bd5 b4 26. Kg2 Be5 27. Kf1 Kg7 28. Ke2 Bf4 29. Kd3 Bb5+ 30. Bc4 Bd7 31. Kd4 h6 32. Kc5 g5 33. hxg5 h5 34. g6 fxg6 35. Bb5 Bxb5 36. Kxb5 Kf7 37. Kxb4 g5 0-1

[Event "Titled Tuesday intern op 15 Mar Late"]
[Site "Chess.com INT"]
[Date "2022.03.15"]
[Round "6"]
[White "Winkels, Marcel"]
[Black "Perez Torres, Nabi Isaias"]
[Result "0-1"]
[WhiteElo "1974"]
[BlackElo "2015"]
[PlyCount "40"]
[EventDate "2022.03.15"]
[EventType "swiss (blitz)"]
[EventRounds "11"]
[EventCountry "USA"]
[SourceTitle "CBM 207 Extra"]
[Source "ChessBase"]
[SourceDate "2022.05.31"]
[SourceVersion "1"]
[SourceVersionDate "2022.05.31"]
[SourceQuality "1"]

1. e4 c5 2. Nf3 d6 3. d4 cxd4 4. Nxd4 Nf6 5. Nc3 g6 6. Be3 Bg7 7. f3 Nc6 8. Qd2 0-0 9. 0-0-0 d5 10. exd5 Nxd5 11. Nxc6 bxc6 12. Ne4 Bf5 13. Bd4 Bxd4 14. Qxd4 Qb6 15. g4 Bxe4 16. Qxb6 axb6 17. fxe4 Ne3 18. Rd7 Nxf1 19. Rxf1 Rxa2 20. Kb1 Rfa8 0-1

[Event "Titled Tuesday intern op 15 Mar Late"]
[Site "Chess.com INT"]
[Date "2022.03.15"]
[Round "3"]
[White "Zomorrodian, Eilia"]
[Black "Perez Torres, Nabi Isaias"]
[Result "1-0"]
[WhiteElo "2155"]
[BlackElo "2015"]
[PlyCount "57"]
[EventDate "2022.03.15"]
[EventType "swiss (blitz)"]
[EventRounds "11"]
[EventCountry "USA"]
[SourceTitle "CBM 207 Extra"]
[Source "ChessBase"]
[SourceDate "2022.05.31"]
[SourceVersion "1"]
[SourceVersionDate "2022.05.31"]
[SourceQuality "1"]

1. e4 c5 2. Nf3 d6 3. Bb5+ Bd7 4. Bxd7+ Qxd7 5. 0-0 Nc6 6. c3 d5 7. d4 dxe4 8. Ng5 cxd4 9. cxd4 Qxd4 10. Qb3 Qf6 11. Qxb7 Rb8 12. Qc7 e5 13. Nxf7 Bc5 14. Nc3 Nge7 15. Nxe4 Qxf7 16. Nxc5 Rd8 17. Bg5 0-0 18. Nd7 Nd5 19. Qxc6 Rxd7 20. Rad1 h6 21. Bh4 g5 22. Bg3 Re8 23. Rfe1 e4 24. Rd4 Red8 25. Rdxe4 Nf6 26. Re6 Ng4 27. h3 Rd1 28. hxg4 Rxe1+ 29. Rxe1 1-0

[Event "Titled Tuesday intern op 01st Mar Late"]
[Site "Chess.com INT"]
[Date "2022.03.01"]
[Round "3"]
[White "Martin Duque, Jesus"]
[Black "Perez Torres, Nabi Isaias"]
[Result "0-1"]
[WhiteElo "2411"]
[BlackElo "2015"]
[PlyCount "44"]
[EventDate "2022.03.01"]
[EventType "swiss (blitz)"]
[EventRounds "11"]
[EventCountry "USA"]
[SourceTitle "CBM 207 Extra"]
[Source "ChessBase"]
[SourceDate "2022.05.31"]
[SourceVersion "1"]
[SourceVersionDate "2022.05.31"]
[SourceQuality "1"]

1. d4 Nf6 2. c4 g6 3. h4 h5 4. Nc3 d5 5. cxd5 Nxd5 6. e4 Nxc3 7. bxc3 Bg7 8. Bc4 0-0 9. Ne2 c5 10. Be3 Nc6 11. dxc5 Qc7 12. Nf4 Bxc3+ 13. Kf1 e6 14. g4 Ne5 15. Bb3 Nxg4 16. Bd2 Rd8 17. Nd5 exd5 18. Bxc3 dxe4 19. Qc1 e3 20. Qc2 Bf5 21. Qb2 Qf4 22. Be5 Bd3+ 0-1

[Event "Titled Tuesday intern op 01st Mar Late"]
[Site "Chess.com INT"]
[Date "2022.03.01"]
[Round "2"]
[White "Perez Torres, Nabi Isaias"]
[Black "Kaasen, Tor Fredrik"]
[Result "0-1"]
[WhiteElo "2015"]
[BlackElo "2458"]
[PlyCount "64"]
[EventDate "2022.03.01"]
[EventType "swiss (blitz)"]
[EventRounds "11"]
[EventCountry "USA"]
[SourceTitle "CBM 207 Extra"]
[Source "ChessBase"]
[SourceDate "2022.05.31"]
[SourceVersion "1"]
[SourceVersionDate "2022.05.31"]
[SourceQuality "1"]

1. d4 d5 2. c4 e6 3. Nc3 c5 4. e3 cxd4 5. exd4 Nf6 6. Nf3 Nc6 7. Be2 dxc4 8. Bxc4 Be7 9. 0-0 0-0 10. Qe2 b6 11. Rd1 Bb7 12. a3 Rc8 13. Bg5 h6 14. Be3 Na5 15. Ba2 Nd5 16. Ne4 Nxe3 17. Qxe3 Nc4 18. Qe2 Nxb2 19. Rd2 Na4 20. Ne5 Bxe4 21. Qxe4 Nc3 22. Qd3 Nxa2 23. Rdxa2 Bf6 24. Nf3 Qd5 25. h3 Rc4 26. Rd2 Rfc8 27. Rad1 Rc3 28. Qa6 R8c7 29. a4 Ra3 30. Ne5 Qb3 31. Rd3 Qc2 32. Qb5 Qxa4 0-1

[Event "Titled Tuesday intern op 01st Mar Late"]
[Site "Chess.com INT"]
[Date "2022.03.01"]
[Round "9"]
[White "Perez Torres, Nabi Isaias"]
[Black "Migot, Tangi"]
[Result "0-1"]
[WhiteElo "2015"]
[BlackElo "2353"]
[PlyCount "144"]
[EventDate "2022.03.01"]
[EventType "swiss (blitz)"]
[EventRounds "11"]
[EventCountry "USA"]
[SourceTitle "CBM 207 Extra"]
[Source "ChessBase"]
[SourceDate "2022.05.31"]
[SourceVersion "1"]
[SourceVersionDate "2022.05.31"]
[SourceQuality "1"]

1. e4 e5 2. f4 d6 3. Nf3 Bg4 4. Bc4 Bxf3 5. Qxf3 Nf6 6. Nc3 Nc6 7. d3 Nd4 8. Qd1 Be7 9. 0-0 c6 10. fxe5 dxe5 11. a4 0-0 12. Bg5 Ne8 13. Be3 Bg5 14. Bf2 Kh8 15. Ne2 Nxe2+ 16. Qxe2 Nd6 17. Bb3 f5 18. exf5 Rxf5 19. Bc5 Bf6 20. Be6 Rxf1+ 21. Rxf1 b6 22. Bxd6 Qxd6 23. Bf5 g6 24. Be4 Kg7 25. Qf3 Rc8 26. c3 a5 27. g3 b5 28. h4 bxa4 29. h5 Rf8 30. hxg6 hxg6 31. Qg4 Be7 32. Rxf8 Bxf8 33. Qc8 a3 34. bxa3 Qc5+ 35. Kg2 Qxc3 36. Qd7+ Kh6 37. Qh3+ Kg7 38. Qd7+ Kf6 39. Qe8 Qb2+ 40. Kh3 Qxa3 41. Qxg6+ Ke7 42. Qxc6 Qb4 43. g4 a4 44. g5 a3 45. Bf5 Qd6 46. Qb7+ Kd8 47. Qc8+ Ke7 48. Qa8 Kf7 49. Kg4 Kg7 50. Kh5 Qe7 51. Qa6 Qf7+ 52. Bg6 Qf3+ 53. Kh4 Be7 54. Be4 Qf4+ 55. Kh3 Qxg5 56. Qa7 Qh6+ 57. Kg3 Qg5+ 58. Kf2 Qf6+ 59. Ke2 Qd6 60. Qa4 Qc5 61. Qe8 Qc2+ 62. Kf3 Qd1+ 63. Ke3 Qe1+ 64. Kf3 Qf1+ 65. Kg3 Qf6 66. Qa4 Qg5+ 67. Kf3 Qf4+ 68. Ke2 Qh2+ 69. Kd1 a2 70. Qa7 a1Q+ 71. Qxa1 Qg1+ 72. Ke2 Qxa1 0-1

[Event "Titled Tuesday intern op 04th Jan"]
[Site "Chess.com INT"]
[Date "2022.01.04"]
[Round "7"]
[White "Kashefi, Amir Hossein"]
[Black "Perez Torres, Nabi Isaias"]
[Result "1/2-1/2"]
[WhiteElo "2203"]
[BlackElo "2015"]
[PlyCount "125"]
[EventDate "2022.01.04"]
[EventType "swiss (blitz)"]
[EventRounds "11"]
[EventCountry "USA"]
[SourceTitle "EXT 2023"]
[Source "ChessBase"]
[SourceDate "2022.10.05"]
[SourceVersion "1"]
[SourceVersionDate "2022.10.05"]
[SourceQuality "1"]

1. d4 Nf6 2. Nf3 g6 3. Bf4 Bg7 4. e3 0-0 5. Be2 d6 6. 0-0 c5 7. c3 cxd4 8. exd4 b5 9. Na3 a6 10. Nc2 Nd5 11. Bd2 Bb7 12. a3 Qb6 13. Nb4 a5 14. Nxd5 Bxd5 15. Re1 Nc6 16. Be3 Qb7 17. Nd2 e5 18. dxe5 dxe5 19. Bf3 Rfd8 20. Bxd5 Rxd5 21. Ne4 Rxd1 22. Raxd1 Rd8 23. b4 axb4 24. axb4 h6 25. f3 Rxd1 26. Rxd1 Ne7 27. Nc5 Qc8 28. Rd7 Nf5 29. Bf2 Bf8 30. Rd5 Bxc5 31. Bxc5 f6 32. g4 Ng7 33. h4 Ne6 34. Kf2 Nxc5 35. Rxc5 Qb7 36. Ke3 Kf7 37. g5 hxg5 38. hxg5 Ke6 39. gxf6 Kxf6 40. c4 bxc4 41. Rxc4 Qb6+ 42. Kd3 Qb5 43. Kc3 Qd5 44. Re4 Qc6+ 45. Kd3 Kf5 46. Ke2 Qb5+ 47. Ke3 g5 48. Kf2 Qb6+ 49. Kg3 Qa6 50. Rg4 Qe2 51. Re4 Qf1 52. Rg4 Qg1+ 53. Kh3 Qh1+ 54. Kg3 Qe1+ 55. Kg2 Qe2+ 56. Kg3 Qe3 57. Re4 Qxe4 58. fxe4+ Kxe4 59. Kg4 Kd5 60. Kxg5 Kc4 61. Kf5 Kxb4 62. Ke4 Kc5 63. Kxe5 1/2-1/2

[Event "Titled Tuesday intern op 16th Nov"]
[Site "Chess.com INT"]
[Date "2021.11.16"]
[Round "3"]
[White "Perez Leiva, Jerzy Jesus"]
[Black "Perez Torres, Nabi Isaias"]
[Result "0-1"]
[WhiteElo "2384"]
[BlackElo "2015"]
[PlyCount "62"]
[EventDate "2021.11.16"]
[EventType "swiss (blitz)"]
[EventRounds "11"]
[EventCountry "USA"]
[SourceTitle "CBM 205 Extra"]
[Source "ChessBase"]
[SourceDate "2022.01.31"]
[SourceVersion "1"]
[SourceVersionDate "2022.01.31"]
[SourceQuality "1"]

1. e4 c5 2. Nf3 d6 3. Bb5+ Bd7 4. Bxd7+ Qxd7 5. 0-0 Nc6 6. c3 d5 7. e5 e6 8. d4 Nge7 9. dxc5 Ng6 10. b4 Ncxe5 11. Nxe5 Nxe5 12. f4 Nc6 13. f5 e5 14. f6 gxf6 15. Kh1 Be7 16. Nd2 h5 17. Ba3 Nd8 18. c4 Ne6 19. cxd5 Qxd5 20. Qa4+ Kf8 21. Rad1 Nf4 22. Nf3 Qxa2 23. Rd2 Qc4 24. Rfd1 h4 25. h3 Nh5 26. Kg1 Nf4 27. Qd7 Rg8 28. Kh2 Qe4 29. Re1 Rxg2+ 30. Rxg2 Qxf3 31. Rd2 Qxh3+ 0-1

[Event "Titled Tuesday intern op 16th Nov"]
[Site "Chess.com INT"]
[Date "2021.11.16"]
[Round "1"]
[White "Perez Torres, Nabi Isaias"]
[Black "Taichman, Ori"]
[Result "0-1"]
[WhiteElo "2015"]
[BlackElo "2293"]
[PlyCount "100"]
[EventDate "2021.11.16"]
[EventType "swiss (blitz)"]
[EventRounds "11"]
[EventCountry "USA"]
[SourceTitle "CBM 205 Extra"]
[Source "ChessBase"]
[SourceDate "2022.01.31"]
[SourceVersion "1"]
[SourceVersionDate "2022.01.31"]
[SourceQuality "1"]

1. d4 Nf6 2. c4 g6 3. Nc3 Bg7 4. e4 0-0 5. Be2 d6 6. Nf3 e5 7. 0-0 Nc6 8. d5 Ne7 9. b4 Ne8 10. Ne1 f5 11. Nd3 Nf6 12. f3 f4 13. c5 g5 14. Bd2 Ng6 15. Rc1 Rf7 16. cxd6 cxd6 17. Qc2 Rc7 18. Qb3 g4 19. Rc2 g3 20. h3 Bxh3 21. gxh3 Qd7 22. Nf2 gxf2+ 23. Rxf2 Qxh3 24. Rh2 Qc8 25. Bf1 Kh8 26. Bh3 Qe8 27. Ne2 Rxc2 28. Qxc2 Nh4 29. Kf2 Qh5 30. Ng1 Qg6 31. Ne2 Qh5 32. Ng1 Qg6 33. Ne2 Nxd5 34. Bg4 Ne3 35. Bxe3 fxe3+ 36. Kxe3 d5 37. Ng3 Qb6+ 38. Ke2 Qg1 39. Rxh4 Qxg3 40. Rh5 Qg2+ 41. Kd3 dxe4+ 42. fxe4 Rd8+ 43. Kc3 Qxg4 44. Qh2 Rc8+ 45. Kb3 Qf3+ 46. Ka4 Qxe4 47. Qh3 b5+ 48. Ka5 Qc6 49. Rxh7+ Kg8 50. Qg4 Qb6# 0-1

[Event "Titled Tuesday intern op 02nd Mar"]
[Site "Chess.com INT"]
[Date "2021.03.02"]
[Round "3"]
[White "Perez Torres, Nabi Isaias"]
[Black "Loy, Konstantin"]
[Result "0-1"]
[WhiteElo "2015"]
[BlackElo "2268"]
[PlyCount "74"]
[EventDate "2021.03.02"]
[EventType "swiss (blitz)"]
[EventRounds "11"]
[EventCountry "USA"]
[SourceTitle "CBM 201 Extra"]
[Source "ChessBase"]
[SourceDate "2021.05.31"]
[SourceVersion "1"]
[SourceVersionDate "2021.05.31"]
[SourceQuality "1"]

1. d4 Nf6 2. c4 c5 3. d5 b5 4. cxb5 a6 5. bxa6 Bxa6 6. Nc3 g6 7. e4 Bxf1 8. Kxf1 d6 9. g4 Bg7 10. Kg2 Nbd7 11. g5 Nh5 12. Nge2 Ra6 13. Ng3 Nxg3 14. hxg3 Qa8 15. a4 e6 16. Nb5 Qb7 17. dxe6 fxe6 18. Nxd6+ Rxd6 19. Qxd6 Qxe4+ 20. f3 Qe2+ 21. Kg1 Bd4+ 22. Qxd4 cxd4 23. Bf4 Qxb2 24. Re1 0-0 25. Rxe6 d3 26. Rd6 Nc5 27. Rh2 Qb1+ 28. Kg2 Qa2+ 29. Kh3 Qxa4 30. Be5 Rxf3 31. Rd8+ Kf7 32. Rh8 Ke6 33. Bf6 Ne4 34. Rb2 Nxf6 35. Rb6+ Ke5 36. gxf6 Rxf6 37. Re8+ Qxe8 0-1